<?xml version="1.0" encoding="UTF-8"?>
<marc:record xmlns:marc="http://www.loc.gov/MARC21/slim">
   <marc:leader>00000nam a2200000 a 4500</marc:leader>
   <marc:datafield ind1="1" ind2=" " tag="100">
      <marc:subfield code="a">Färber, Werner</marc:subfield>
      <marc:subfield code="4">aut</marc:subfield>
      <marc:subfield code="e">Verfasser/-in</marc:subfield>
   </marc:datafield>
   <marc:datafield ind1=" " ind2=" " tag="653">
      <marc:subfield code="a">Einhorn</marc:subfield>
   </marc:datafield>
   <marc:datafield ind1=" " ind2=" " tag="653">
      <marc:subfield code="a">Bilderbuch</marc:subfield>
   </marc:datafield>
   <marc:datafield ind1=" " ind2=" " tag="653">
      <marc:subfield code="a">Erstlesealter, Vorschulalter</marc:subfield>
   </marc:datafield>
   <marc:datafield ind1="0" ind2="0" tag="245">
      <marc:subfield code="a">Geschichten vom kleinen Einhorn</marc:subfield>
   </marc:datafield>
   <marc:datafield ind1="0" ind2="0" tag="245">
      <marc:subfield code="b">= Little unicorn stories</marc:subfield>
   </marc:datafield>
   <marc:datafield ind1="0" ind2="0" tag="245">
      <marc:subfield code="c">Färber, Werner</marc:subfield>
   </marc:datafield>
   <marc:datafield ind1=" " ind2="1" tag="264">
      <marc:subfield code="a">Bindlach</marc:subfield>
      <marc:subfield code="b">Loewe</marc:subfield>
      <marc:subfield code="c">2017</marc:subfield>
   </marc:datafield>
   <marc:datafield ind1="1" ind2=" " tag="490">
      <marc:subfield code="a">BilderMaus. Mit Bildern Englisch lernen</marc:subfield>
   </marc:datafield>
   <marc:datafield ind1=" " ind2=" " tag="250">
      <marc:subfield code="a">1. Auflage</marc:subfield>
   </marc:datafield>
   <marc:datafield ind1="1" ind2=" " tag="520">
      <marc:subfield code="a">Angaben aus der Verlagsmeldung &#xD;
&#xD;
 &#xD;
&#xD;
  Bildermaus - Mit Bildern Englisch lernen - Geschichten vom kleinen Einhorn - Little Unicorn Stories / von Werner Färber &#xD;
&#xD;
 &#xD;
Oh, nein! Der Prinz wurde von einem Drachen entführt. Sofort springt das kleine Einhorn auf einen fliegenden Teppich und hilft der Prinzessin, den Prinzen zu befreien. Aber auch wenn das Einhorn selbst einmal in Gefahr gerät, kann es auf seine Freunde zählen. &#xD;
&#xD;
Mit der Reihe Bildermaus  Mit Bildern Englisch lernen können Kinder schon ab 5 Jahren (Vorschule und 1. Klasse) spielerisch die erste Fremdsprache lernen. Jedes Hauptwort der zweisprachigen Ausgabe ist durch ein Bild ersetzt. Dadurch können die Kinder viele Vokabeln des Grundwortschatzes üben. Das beigelegte Domino-Spiel hilft, die englischen Vokabeln zu festigen und sorgt für jede Menge Spaß. Ein klasse Buch für Englisch-Anfänger! &#xD;
&#xD;
Mehr über die Bildermaus, spannende Spiele und Leseproben unter www.bildermaus.de.</marc:subfield>
   </marc:datafield>
   <marc:datafield ind1=" " ind2=" " tag="020">
      <marc:subfield code="a">9783785588246</marc:subfield>
      <marc:subfield code="9">9783785588246</marc:subfield>
   </marc:datafield>
   <marc:datafield ind1=" " ind2=" " tag="020">
      <marc:subfield code="a">3785588240</marc:subfield>
      <marc:subfield code="9">3785588240</marc:subfield>
   </marc:datafield>
   <marc:datafield ind1=" " ind2=" " tag="041">
      <marc:subfield code="a">ger</marc:subfield>
   </marc:datafield>
   <marc:datafield ind1=" " ind2=" " tag="300">
      <marc:subfield code="b">Illustrationen</marc:subfield>
   </marc:datafield>
   <marc:datafield ind1=" " ind2=" " tag="338">
      <marc:subfield code="a">Band</marc:subfield>
   </marc:datafield>
   <marc:datafield ind1=" " ind2=" " tag="300">
      <marc:subfield code="a">1 Blatt Domino-Karten</marc:subfield>
   </marc:datafield>
</marc:record>
